<?xml version="1.0" encoding="UTF-8"?>
<record
    xmlns:xsi="http://www.w3.org/2001/XMLSchema-instance"
    xsi:schemaLocation="http://www.loc.gov/MARC21/slim http://www.loc.gov/standards/marcxml/schema/MARC21slim.xsd"
    xmlns="http://www.loc.gov/MARC21/slim">

  <leader>03198nam a2200349 a 4500</leader>
  <controlfield tag="001">000005851</controlfield>
  <controlfield tag="003">DO-SdBNP</controlfield>
  <controlfield tag="005">20260401182423.0</controlfield>
  <controlfield tag="007">ta</controlfield>
  <controlfield tag="008">090824s2003    dr            000 0 spa d</controlfield>
  <datafield tag="020" ind1=" " ind2=" ">
    <subfield code="a">9993486558</subfield>
  </datafield>
  <datafield tag="040" ind1=" " ind2=" ">
    <subfield code="a">DO-SdBNP</subfield>
    <subfield code="b">spa</subfield>
    <subfield code="c">BNPHU</subfield>
  </datafield>
  <datafield tag="082" ind1=" " ind2="4">
    <subfield code="a">344.729302</subfield>
    <subfield code="b">R426L, 2003</subfield>
    <subfield code="2">22</subfield>
  </datafield>
  <datafield tag="110" ind1="1" ind2=" ">
    <subfield code="a">Rep&#xFA;blica Dominicana.</subfield>
    <subfield code="9">447</subfield>
  </datafield>
  <datafield tag="240" ind1=" " ind2=" ">
    <subfield code="a">[Leyes, etc.]</subfield>
  </datafield>
  <datafield tag="245" ind1="1" ind2="0">
    <subfield code="a">Ley de seguridad social ;Ley general de salud ;  Leyes incorporadas ; Ley que crea el Colegio M&#xE9;dico Dominicano /</subfield>
    <subfield code="c">edici&#xF3;n y recopilaci&#xF3;n, V&#xED;ctor Suero C.</subfield>
  </datafield>
  <datafield tag="246" ind1=" " ind2=" ">
    <subfield code="a">Ley general de salud </subfield>
  </datafield>
  <datafield tag="246" ind1=" " ind2=" ">
    <subfield code="a"> Leyes incorporadas </subfield>
  </datafield>
  <datafield tag="246" ind1=" " ind2=" ">
    <subfield code="a">Ley que crea el Colegio M&#xE9;dico Dominicano</subfield>
  </datafield>
  <datafield tag="260" ind1=" " ind2=" ">
    <subfield code="a">Santo Domingo</subfield>
    <subfield code="f"> Punto M&#xE1;gico</subfield>
    <subfield code="c">2003.</subfield>
  </datafield>
  <datafield tag="300" ind1=" " ind2=" ">
    <subfield code="a">407 p. ;</subfield>
    <subfield code="c">21 cm.</subfield>
  </datafield>
  <datafield tag="500" ind1=" " ind2=" ">
    <subfield code="a">Incluye datos biogr&#xE1;ficos del recopilador en la solapa de la contracubierta.</subfield>
  </datafield>
  <datafield tag="505" ind1="2" ind2=" ">
    <subfield code="a">Introducci&#xF3;n --</subfield>
    <subfield code="t"> Ley que crea el Sistema Dominicano de Seguridad Social --</subfield>
    <subfield code="t">Ley general de salud --</subfield>
    <subfield code="t">Ley no. 329-98 que regula los trasplantes de &#xF3;rganos y tejidos humanos, del 11 de agosto de 1998 --</subfield>
    <subfield code="t">Ley no. 8-95, sobre lactancia materna, del 19 de septiembre de 1995 --</subfield>
    <subfield code="t">Ley no. 14-94 que crea c&#xF3;digo para protecci&#xF3;n de ni&#xF1;os, ni&#xF1;as y adolescentes, del 22 de abril de 1994 --</subfield>
    <subfield code="t">Ley no. 55-93 sobre el s&#xED;ndrome de inmunodeficiencia adquirida (SIDA) , del 31 de diciembre de 1993 -- </subfield>
    <subfield code="t">Ley no. 50-88 sobre el control de drogas y sustancias controladas de la Rep. Dom., del 30 de mayo de 1988 -- </subfield>
    <subfield code="t">Ley no. 311-68 que regula la fabricaci&#xF3;n, elaboraci&#xF3;n, envase, almacenamiento, importaci&#xF3;n, expendio y comercio en cualquier forma de insecticidas zoocidas, fitocidas, pesticidas, herbicidas y productos similares, del 24 de mayo de 1968 --</subfield>
    <subfield code="t">Ley no. 136-80 que declara que es obligatoria a practica de la autopsia judicial en la instrucci&#xF3;n preparatoria del proceso penal, del 23 de mayo de 1980 --</subfield>
    <subfield code="t">Ley no. 6097 de organizaci&#xF3;n del cuerpo m&#xE9;dico de los hospitales --</subfield>
    <subfield code="t">Ley no. 146 sobre pasant&#xED;a de m&#xE9;dicos reci&#xE9;n graduados, del 11 de mayo de 1967, modificada por la ley 478, del 18 de enero de 1973 --</subfield>
    <subfield code="t">Ley no. 4378 org&#xE1;nica de Secretar&#xED;as de Estado, del 10 de enero de 1973 --</subfield>
    <subfield code="t">Ley no. 175 que denomina Secretaria de Estado de Salud P&#xFA;blica y Asistencia Social (SESPAS)&#xA8;, la actual Secretar&#xED;a de 
Estado de Salud y Provisi&#xF3;n Social, del 22 de agosto de 1967 --</subfield>
    <subfield code="t">Ley 41498 que modifica el art&#xED;culo sobre Organizaci&#xF3;n del Cuerpo de M&#xE9;dicos de los Hospitales, del 22 de agosto de 1998 -- </subfield>
    <subfield code="t">Ley no. 393 que regula la expedici&#xF3;n de certificados de ex&#xE1;menes m&#xE9;dicos, del 4 de septiembre de 1964 --  </subfield>
    <subfield code="t">Reglamento no. 804 para los Tribunales Disciplinados de Apelaci&#xF3;n del Cuerpo M&#xE9;dico de los Hospitales, del 4 de marzo de 1966 --</subfield>
    <subfield code="t">Ley 68-03 que crea el Colegio M&#xE9;dico Dominicano .</subfield>
  </datafield>
  <datafield tag="590" ind1=" " ind2=" ">
    <subfield code="a">Inventariado, 2023/MFF</subfield>
  </datafield>
  <datafield tag="610" ind1="2" ind2="4">
    <subfield code="a">Colegio M&#xE9;dico Dominicano</subfield>
    <subfield code="x">Historia</subfield>
    <subfield code="9">83170</subfield>
  </datafield>
  <datafield tag="650" ind1=" " ind2="0">
    <subfield code="a">Seguridad social </subfield>
    <subfield code="x">Leyes y legislaci&#xF3;n</subfield>
    <subfield code="z">Rep&#xFA;blica Dominicana</subfield>
    <subfield code="9">11764</subfield>
  </datafield>
  <datafield tag="650" ind1=" " ind2="4">
    <subfield code="a">Seguros de salud</subfield>
    <subfield code="x">Legislaci&#xF3;n</subfield>
    <subfield code="9">16512</subfield>
  </datafield>
  <datafield tag="650" ind1=" " ind2="4">
    <subfield code="a">Salud p&#xFA;blica</subfield>
    <subfield code="x">Legislaci&#xF3;n</subfield>
    <subfield code="9">16513</subfield>
  </datafield>
  <datafield tag="700" ind1="1" ind2=" ">
    <subfield code="a">Suero C., V&#xED;ctor,</subfield>
    <subfield code="e">ed.</subfield>
    <subfield code="9">16514</subfield>
  </datafield>
  <datafield tag="910" ind1=" " ind2=" ">
    <subfield code="a">Validado. Control de  calidad MFF</subfield>
  </datafield>
  <datafield tag="942" ind1=" " ind2=" ">
    <subfield code="2">ddc</subfield>
    <subfield code="c">LBS1</subfield>
  </datafield>
  <datafield tag="952" ind1=" " ind2=" ">
    <subfield code="0">0</subfield>
    <subfield code="1">0</subfield>
    <subfield code="2">ddc</subfield>
    <subfield code="5">1</subfield>
    <subfield code="7">0</subfield>
    <subfield code="8">PD</subfield>
    <subfield code="a">BNPHU</subfield>
    <subfield code="b">BNPHU</subfield>
    <subfield code="c">HD</subfield>
    <subfield code="d">2009-08-24</subfield>
    <subfield code="o">BNPHU PD 344.729302 R426L 2003</subfield>
    <subfield code="p">5851-10</subfield>
    <subfield code="r">2020-06-25</subfield>
    <subfield code="w">2020-06-25</subfield>
    <subfield code="y">LBS1</subfield>
  </datafield>
  <datafield tag="952" ind1=" " ind2=" ">
    <subfield code="0">0</subfield>
    <subfield code="1">0</subfield>
    <subfield code="2">ddc</subfield>
    <subfield code="5">1</subfield>
    <subfield code="7">0</subfield>
    <subfield code="8">PD</subfield>
    <subfield code="a">BNPHU</subfield>
    <subfield code="b">BNPHU</subfield>
    <subfield code="c">HD</subfield>
    <subfield code="d">2013-07-02</subfield>
    <subfield code="o">BNPHU PD 344.729302 R426L 2003</subfield>
    <subfield code="p">5851-20</subfield>
    <subfield code="r">2020-06-25</subfield>
    <subfield code="t">e. 2</subfield>
    <subfield code="w">2020-06-25</subfield>
    <subfield code="y">LBS1</subfield>
  </datafield>
  <datafield tag="999" ind1=" " ind2=" ">
    <subfield code="c">5647</subfield>
    <subfield code="d">5647</subfield>
  </datafield>
</record>
